000 01515nam a2200373 a 4500
001 000020691
003 DO-SdBNP
005 20250530112851.0
008 100812s2018 000 0 spa
020 _a9789945913194
_qv. 1
020 _a9789945613001
_qv. 2
040 _aDO-SdBNP
_bspa
_cBNPHU
082 4 _a920.72
_bD443d
_222
245 0 0 _aDesde Bonao :
_blas luchas exitosas de Aniana Vargas /
_ccompilación y estudio de Reina Rosario ; presentación Roberto Cassá
260 _aSanto Domingo :
_bArchivo General de la Nación,
_c2018.
300 _a2 v.
_c24 cm.
490 _aArchivo General de la Nación ;
_v341-342
500 _aIncluye datos biográficos de la compiladora en la solapa de la contracubierta
500 _aIncluye datos biográficos de Aniana Vargas en la solapa de la cubierta
505 1 _gv.1
_t1994-1997
505 1 _gv. 2
_t1998-2002
590 _aInventariado, 2020/YL
590 _aLa biblioteca posee 1 ejemplar autografiado por el autor
600 1 7 _aVargas, Aniana
_d1930-2002
_976590
650 4 _aRevolucionarios
_zRepública Dominicana
_976591
650 0 _aConflicto social
_zRepública Dominicana
_91974
651 4 _aRepública Dominicana
_xHistoria
_9170
700 1 2 _a Rosario Fernández, Reina C.
_eCompiladora
_911091
700 1 2 _aCassá, Roberto,
_d1948-
_ePresentación
_910888
830 0 _aArchivo General de la Nación
_l341 : 342
_976593
830 0 _aArchivo General de la Nación
_l342
_976594
942 _2ddc
_cLF1
956 _aYLOCKWARD
999 _c20195
_d20195